Regulatory framework and legal issues in business part II (Record no. 364763)
[ view plain ]
| 000 -LEADER | |
|---|---|
| fixed length control field | 00503nam a22001697a 4500 |
| 003 - CONTROL NUMBER IDENTIFIER | |
| control field | 0 |
| 005 - DATE AND TIME OF LATEST TRANSACTION | |
| control field | 20220804084535.0 |
| 008 - FIXED-LENGTH DATA ELEMENTS--GENERAL INFORMATION | |
| fixed length control field | 220804b xxu||||| |||| 00| 0 eng d |
| 020 ## - INTERNATIONAL STANDARD BOOK NUMBER | |
| International Standard Book Number | 978-621-8205-00-0 |
| 050 ## - LIBRARY OF CONGRESS CALL NUMBER | |
| Classification number | KF390 |
| Item number | .D56 2020 |
| 245 ## - TITLE STATEMENT | |
| Title | Regulatory framework and legal issues in business part II |
| Statement of responsibility, etc | Andrix D. Domingo |
| 260 ## - PUBLICATION, DISTRIBUTION, ETC. (IMPRINT) | |
| Place of publication, distribution, etc | Baguio City |
| Name of publisher, distributor, etc | Coaching for results publishing |
| Date of publication, distribution, etc | 2020 |
| 300 ## - PHYSICAL DESCRIPTION | |
| Extent | 563pp. |
| Dimensions | 23cm. |
| Type of unit | Book |
| 500 ## - GENERAL NOTE | |
| General note | Legal issues. |
| 500 ## - GENERAL NOTE | |
| General note | Commercial law. |
| 942 ## - ADDED ENTRY ELEMENTS (KOHA) | |
| Source of classification or shelving scheme | Library of Congress Classification |
| Koha item type | Books |
| Withdrawn status | Lost status | Source of classification or shelving scheme | Damaged status | Home library | Current library | Shelving location | Date acquired | Source of acquisition | Sub Shelving location | Total Checkouts | Full call number | Barcode | Date last seen | Price effective from | Koha item type | Date checked out |
|---|---|---|---|---|---|---|---|---|---|---|---|---|---|---|---|---|
| Library of Congress Classification | College Library | College Library | Filipiniana Section | 08/04/2022 | Library Fund | KF390 .D56 2020 | C22801 | 08/04/2022 | 08/04/2022 | Books | ||||||
| Library of Congress Classification | College Library | College Library | Filipiniana Section | 08/04/2022 | Library Fund | 2 | KF390 .D56 2020 | C22802 | 11/08/2023 | 08/04/2022 | Books | 10/10/2023 | ||||
| Library of Congress Classification | College Library | College Library | Filipiniana Section | 08/04/2022 | Library Fund | KF390 .D56 2020 | C22803 | 08/04/2022 | 08/04/2022 | Books |